000
00277 a2200109 4500
000
nam a22 7a 4500
020
_a
9780323485272
100
_a
Holmstrom, Steven E.
245
_a
Veterinary dentistry : a team approach
250
_a
Third edition.
260
_b
Elsevier,
_c
2019
999
_c
86054
_d
86054